[Event "Budapest Gyorgy Memorial 1st"]
[Site "Budapest"]
[Date "2016.11.13"]
[Round "6.5"]
[White "Antal, Gergo"]
[Black "Zlotov, Viktor"]
[Result "0-1"]
[WhiteElo "1168"]
[BlackElo "1576"]
[PlyCount "98"]
[EventDate "2016.11.10"]
[EventType "swiss"]
[EventRounds "7"]
[EventCountry "HUN"]
[SourceTitle "EXT 2018"]
[Source "ChessBase"]
[SourceDate "2017.10.13"]
[SourceVersion "1"]
[SourceVersionDate "2017.10.13"]
[SourceQuality "1"]

1. e4 e5 2. Nf3 Nc6 3. Bb5 a6 4. Ba4 Nf6 5. 0-0 Be7 6. Re1 b5 7. Bb3 d6 8. h3 0-0 9. c3 Na5 10. d4 Nxb3 11. Qxb3 Nd7 12. Nbd2 c5 13. Nf1 cxd4 14. cxd4 exd4 15. Nxd4 Nc5 16. Qf3 Bb7 17. Nd2 Bg5 18. Qg4 Nd3 19. Rd1 Re8 20. Qe2 Nxc1 21. Raxc1 Qe7 22. Qh5 Bxd2 23. Rxd2 Qxe4 24. Nf3 Rac8 25. Re1 Qf4 26. Rdd1 Re6 27. Rxe6 fxe6 28. Re1 Bxf3 29. Qxf3 Qxf3 30. gxf3 Kf7 31. b4 Rc2 32. Rd1 d5 33. Ra1 Rb2 34. a3 d4 35. Kf1 d3 36. Ke1 d2+ 37. Ke2 d1Q+ 38. Kxd1 Rxf2 39. a4 Rf1+ 40. Kc2 Rxa1 41. Kb3 bxa4+ 42. Kc4 Rc1+ 43. Kd3 a3 44. Kd2 Rc8 45. b5 a2 46. Z0 a1Q 47. bxa6 Qd4+ 48. Ke2 Rc2+ 49. Ke1 Qg1# 0-1